B15 バス停名クイズ - 両備バス ver. - Statistics

General Stats
  • This quiz has been taken 7 times
  • The average score is 136 of 557
Answer Stats
Answer % Correct
岡山駅
100%
天満屋
100%
東山
100%
宇野駅
80%
岡山駅前
80%
門田屋敷
80%
西大寺
80%
60%
岡南営業所
60%
渋川
60%
渋川三丁目
60%
新倉敷駅
60%
新西大寺町筋
60%
清輝橋
60%
田井
60%
大雲寺前
60%
玉島中央町
60%
玉野市役所前
60%
築港銀座
60%
築港新町
60%
当新田
60%
ドンドン
60%
東山電停前
60%
古京
60%
ヤットコ
60%
柳川西
60%
ゆめタウン倉敷
60%
宇野港(直島)
60%
青江北
40%
青江西
40%
青葉町
40%
あけぼの町
40%
イオンモール倉敷
40%
宇野一丁目
40%
宇野三丁目
40%
大東
40%
40%
沖新町
40%
沖元
40%
おもちゃ王国
40%
上山坂
40%
倉敷駅
40%
倉敷市役所
40%
岡南小学校前
40%
興陽高校前
40%
国清寺前
40%
護国神社前
40%
西大寺町
40%
幸町
40%
栄駅北
40%
笹沖
40%
山陽学園中学・高校前
40%
四軒屋
40%
渋川一丁目
40%
市役所入口
40%
洲崎
40%
田井駅
40%
大学病院筋
40%
大供
40%
40%
田ノ上
40%
玉野営業所前
40%
中国能開大
40%
中電前
40%
十日市
40%
十日市南
40%
豊成
40%
中庄駅
40%
日赤病院入口
40%
庭瀬駅通
40%
野関
40%
野田東
40%
延友
40%
八浜
40%
東区役所前
40%
東中央町
40%
備前白石
40%
ヘラ取神社前
40%
宝島寺
40%
益野
40%
松崎
40%
海吉
40%
杜の街
40%
八島
40%
六区
40%
三井E&S玉正門前
40%
飽浦
20%
飽浦上
20%
あけぼの橋
20%
赤田
20%
旭川荘
20%
旭川荘吉井川キャンパス前
20%
旭橋通り
20%
旭町北
20%
葦高小学校正門
20%
葦高小学校東
20%
あちてらす倉敷前
20%
阿津
20%
阿津西
20%
阿津東
20%
穴場神社前
20%
網浜
20%
網浜下
20%
網浜中
20%
綾浦
20%
イオン西入口
20%
イオンモール倉敷北
20%
池の内
20%
池ノ内児童遊園地
20%
池の内東
20%
石井町
20%
泉田口
20%
一区
20%
一本松
20%
入船町入口
20%
牛窓
20%
牛窓中学校前
20%
宇藤木橋
20%
宇野四丁目
20%
梅木橋
20%
浦田
20%
上成
20%
江崎
20%
江長
20%
江長十字路
20%
老松町
20%
王子ヶ岳登山口
20%
相引
20%
大池
20%
大池南
20%
大井手
20%
大内
20%
大江
20%
オージー技研
20%
大高小学校前
20%
大野辻
20%
大原美術館前
20%
大藪
20%
岡山学芸館スクールガーデン前
20%
岡山国際ホテル
20%
岡山西大寺病院前
20%
岡山赤十字玉野病院
20%
岡山ドーム入口
20%
岡山南支援学校
20%
岡山流通会館前
20%
岡山ろうさい病院
20%
沖浜入口
20%
沖元西
20%
奥玉
20%
邑久郷中
20%
邑久郷西
20%
邑久郷東
20%
奥の森
20%
尾坂前
20%
押上
20%
オリーブ園入口
20%
御崎
20%
御崎西
20%
貝殻山登山口
20%
嘉永橋
20%
重岩
20%
梶岡
20%
梶岡東
20%
鹿忍中
20%
鹿忍東
20%
鹿忍南
20%
霞橋
20%
片崎
20%
金岡
20%
金岡上
20%
金岡中
20%
金田
20%
上阿知中
20%
上阿知西
20%
上阿知東
20%
上平井
20%
加茂宗津
20%
川井
20%
川入
20%
川崎医大前
20%
川西町西口
20%
神崎
20%
神崎口
20%
神崎東
20%
観音院入口
20%
観音堂
20%
祇園
20%
祇園入口
20%
企業団地北
20%
企業団地中
20%
企業団地南
20%
北浦
20%
北方南
20%
北畝公民館前
20%
北畝中
20%
北長尾
20%
北長瀬駅前
20%
吉塔
20%
吉塔東
20%
協立病院前
20%
金甲山登山口
20%
国富
20%
国富東
20%
倉敷駅北口
20%
倉敷芸科大学
20%
倉敷高校前
20%
倉敷自動車教習所前
20%
倉敷消防署
20%
倉敷成人病センター前
20%
倉敷第一病院前
20%
倉敷西年金事務所前
20%
倉敷南高校入口
20%
倉敷南小学校前
20%
倉商東
20%
倉商前
20%
クラレ入口
20%
クラレ正門前
20%
暮石
20%
暮石北
20%
桑野
20%
桑野東
20%
ケアハウスあいの泉前
20%
警察署前
20%
県庁前
20%
甲浦学校前
20%
甲浦支所前
20%
甲浦郵便局前
20%
厚生町商工会議所前
20%
光生病院前
20%
光津
20%
合同庁舎前
20%
20%
郡団地口
20%
後閑
20%
後閑北
20%
後閑小学校前
20%
小串
20%
小串西
20%
小串東
20%
国府市場西
20%
古新田
20%
古新田北
20%
コスモス入口
20%
小橋
20%
子父雁入口
20%
古水江
20%
小溝・倉敷中央高校入口
20%
米崎
20%
紺浦
20%
紺浦西
20%
コンベックス岡山西
20%
コンベックス岡山前
20%
西大寺駅
20%
西大寺中央クリニック前
20%
西大寺中三丁目
20%
西大寺農協前
20%
西大寺ふれあいセンター
20%
栄町
20%
栄橋
20%
坂田町
20%
坂田町交差点
20%
作陽学園北
20%
作陽学園正門
20%
桜ヶ丘
20%
桜橋
20%
三軒屋
20%
山陽新聞社前・杜の街入口
20%
三和紙工前
20%
四軒屋住宅
20%
四十瀬球場前
20%
慈照院前
20%
自動車学校入口
20%
渋川・マリンホテル
20%
清水
20%
清水橋
20%
下阿知中
20%
下阿知西
20%
下阿知東
20%
下撫川
20%
下の原
20%
下の原西
20%
下の原南・旭川荘南地区前
20%
十禅寺登山口
20%
秀天橋
20%
宿毛
20%
宿毛東
20%
庄入口
20%
商工会館前
20%
商工高校前
20%
荘内支所前
20%
荘内南
20%
上南中学校前
20%
昭和被服総業前
20%
昭和町
20%
白石入口
20%
新倉敷駅北口
20%
新田
20%
新道上平井
20%
新道元町
20%
新橋
20%
すこやかセンター
20%
住友重機械正門前
20%
住友重機械西門
20%
清輝寮前
20%
精思高校霞丘校入口
20%
清心学園口
20%
清内橋
20%
瀬戸内警察署前
20%
瀬戸大橋温泉
20%
千手
20%
千手弘法寺前
20%
曹源寺
20%
総合市場前
20%
総合運動公園
20%
操南台団地入口
20%
操南台団地中
20%
操南台団地西
20%
操南台団地東
20%
操南中学校前
20%
操陽団地
20%
田井入口
20%
大供新屋敷
20%
田井三丁目
20%
第二野関
20%
田井東
20%
田井みなと公園
20%
田井四丁目
20%
高島駅前
20%
竜の口
20%
玉島警察署前
20%
玉島下水処理場
20%
玉島支所・玉島高校入口
20%
玉小学校前
20%
玉二丁目
20%
玉野光南高校
20%
玉野市役所入口
20%
玉野浄化センター前
20%
玉野スマイルタウン前
20%
玉野総合医療専門学校
20%
たまの病院
20%
たまの病院前
20%
玉野レクレセンター
20%
玉橋
20%
玉原
20%
玉原ニュータウン
20%
玉比咩神社前
20%
玉四丁目
20%
玉六丁目
20%
淡水湖北口
20%
中央二丁目
20%
中学校前
20%
中銀前
20%
都紀郷
20%
津田
20%
槌ヶ原
20%
槌ヶ原公園
20%
槌ヶ原公民館東
20%
槌ヶ原公民館南
20%
爪崎西
20%
爪崎南
20%
連島
20%
連島中学校前
20%
出崎口
20%
鉄工センター前
20%
天王谷川公園
20%
天馬町
20%
東児市民センター
20%
戸島公園
20%
堤下
20%
鳥羽南
20%
トンボ前
20%
中井
20%
中井北
20%
長尾
20%
長尾馬継
20%
中島口
20%
中仙道
20%
長田町
20%
長留
20%
中の原・旭川荘厚生専門学院前
20%
中浜
20%
中山トンネル
20%
撫川
20%
七区入口
20%
七島
20%
鳴滝橋
20%
南山寮
20%
西飽浦
20%
錦貯水
20%
錦六区入口
20%
西紅陽台
20%
西酒津
20%
西小学校前
20%
西田井地
20%
西高崎
20%
西中学校前
20%
西長瀬
20%
西之浦浄水場前
20%
西原
20%
西福井
20%
西脇
20%
西脇海水浴場
20%
西脇東
20%
二福小古城池高前
20%
庭瀬本町
20%
ハーバーアイランド3工区
20%
ハーバーブリッジ北
20%
波知
20%
八王寺
20%
八王寺口
20%
八浜駅前
20%
八浜市民センター
20%
八浜住宅前
20%
八浜小学校前
20%
羽根崎町
20%
20%
浜・中区役所前
20%
浜野入口
20%
浜野西
20%
20%
原尾島
20%
原尾島一丁目
20%
原尾島住宅
20%
ハローワーク北
20%
番田
20%
番田住宅前
20%
東高地
20%
東高地南
20%
東紅陽台
20%
東紅陽台北公園
20%
東郡
20%
東小高地
20%
東田井地北
20%
東田井地
20%
東高崎
20%
東富井
20%
東山一丁目
20%
東山カントリー
20%
東山峠
20%
備前野田
20%
備前原駅前
20%
備中庄
20%
日之出町
20%
日比
20%
日比漁協前
20%
日比三丁目
20%
日比市民センター前
20%
日比製煉所前
20%
日比製煉西門前
20%
病院前
20%
平井
20%
平井下町
20%
平井小学校
20%
平井元町
20%
平田口
20%
平田東
20%
平野
20%
広潟
20%
プール前
20%
深井入口
20%
福祉の丘公園前
20%
福島
20%
福泊
20%
福浜校前
20%
福原
20%
藤井
20%
藤崎
20%
藤崎町
20%
藤田第二小学校沖
20%
藤田団地北
20%
藤田団地南
20%
藤原
20%
藤原西町
20%
二塚
20%
文化センター入口
20%
宝光寺下
20%
芳泉高入口
20%
ホールサムインせとうち
20%
鉾島口
20%
鉾立
20%
鉾立公民館前
20%
堀南
20%
堀貫
20%
堀貫北
20%
ほんぶしん前
20%
本蓮寺下
20%
政津
20%
マスカット球場入口
20%
益野中
20%
益野西
20%
松島北ノ口
20%
松島西ノ口
20%
見石
20%
水江
20%
水江口
20%
水島協同病院前
20%
水島第一病院前
20%
水島郵便局前
20%
三井生協日比店
20%
三田口
20%
光政
20%
南栄町
20%
見能
20%
宮浦
20%
宮浦東
20%
都六区入口
20%
都六区下
20%
みやはら耳鼻科・福浜市営住宅前
20%
深山公園入口
20%
深山公園道の駅
20%
宮道
20%
宮道東
20%
御幸町
20%
明神前
20%
向小串西
20%
向小串東
20%
向日比
20%
胸上
20%
胸上東
20%
木材市場入口
20%
木材市場前
20%
百舌鳥ヶ鼻
20%
用吉口
20%
養父
20%
山田
20%
山田南
20%
横田
20%
横田口
20%
吉岡
20%
吉野町
20%
与太郎様
20%
四ツ谷
20%
四ツ谷北
20%
リハビリテーション病院
20%
流通センター卸売団地
20%
レイク玉原団地いこい荘前
20%
六枚橋
20%
論田
20%
脇田入口
20%
若葉町
20%
和田一丁目
20%
和田三丁目
20%
和田社宅前
20%
和田七丁目西
20%
和田七丁目東
20%
和田橋
20%
DCM岡山・Pモール藤田前
20%
イオンモール岡山前・源吉兆庵本社前
20%
千日前・岡山芸術創造劇場ハレノワ南
20%
中の原南・総合在宅支援センター前
20%
ハーバーアイランド(ナカシマプロペラ前)
20%
流通センター早島地区イトーピア団地入口
20%
玉島ショッピングセンターTOPS前
20%
三井E&S日の田正門前
20%
JA鉾立前
20%
NTT岡山前
20%
NTT倉敷前
20%
No matching quizzes found
Score Distribution
Percent of People with Each Score
Percentile by Number Answered
Your Score History
You have not taken this quiz